| 000 | 00528nam a2200145 4500 | ||
|---|---|---|---|
| 082 | _aMSCS-03 UMA | ||
| 100 | _aUmair Waqas | ||
| 245 | _aAnalysis of cervical x-ray images for vertebra localization and segmentation | ||
| 260 |
_a(Islamabad) _bNUST-SEECS _c2017 |
||
| 300 | _a53p. | ||
| 856 | _uhttp://10.250.8.41:8080/xmlui/handle/123456789/23127 | ||
| 942 |
_2ddc _cTHE |
||
| 999 |
_c342379 _d342379 |
||